| Tag |
First Indicator |
Second Indicator |
Subfields |
| LEADER |
00000cam a2200000 a 4500 |
| 001 |
in00001406483 |
| 005 |
20151020072720.0 |
| 008 |
980518s1997 enk b 001 0 eng d |
| 020 |
|
|
|a 1855065320 (hbk.)
|
| 020 |
|
|
|a 1855065339 (pbk.)
|
| 035 |
|
|
|a (OCoLC)39140512
|
| 035 |
|
|
|9 AHQ3420AM
|
| 040 |
|
|
|a CUZ
|c CUZ
|d TXA
|d UtOrBLW
|
| 041 |
1 |
|
|a eng
|h fre
|
| 049 |
|
|
|a TXAM
|
| 090 |
|
|
|a HG249
|b .B6313 1997
|
| 100 |
1 |
|
|a Bodin, Jean,
|d 1530-1596.
|
| 240 |
1 |
0 |
|a Réponse aux Paradoxes de M. de Malestroit.
|l English
|
| 245 |
1 |
0 |
|a Response to the Paradoxes of Malestroit /
|c Jean Bodin ; translated and edited by Henry Tudor and R.W. Dyson ; introduction by D.P. O'Brien ; notes by J.C.M. Starkey.
|
| 264 |
|
1 |
|a Bristol, England ;
|a Dulles, Va. :
|b Thoemmes Press,
|c 1997.
|
| 300 |
|
|
|a 177 pages ;
|c 22 cm.
|
| 336 |
|
|
|a text
|b txt
|2 rdacontent
|
| 337 |
|
|
|a unmediated
|b n
|2 rdamedia
|
| 338 |
|
|
|a volume
|b nc
|2 rdacarrier
|
| 490 |
1 |
|
|a Primary sources in political thought
|
| 546 |
|
|
|a Translation of: Réponse aux Paradoxes de M. de Malestroit.
|
| 504 |
|
|
|a Includes bibliographical references (pages 35-38) and index.
|
| 505 |
2 |
0 |
|t The Paradoxes of the Seigneur de Malestroit on the matter of money.
|
| 650 |
|
0 |
|a Currency question.
|
| 650 |
|
0 |
|a Inflation (Finance)
|
| 700 |
1 |
|
|a Tudor, H.
|q (Henry),
|d 1937-
|
| 700 |
1 |
|
|a Dyson, R. W.
|
| 700 |
1 |
|
|a Starkey, J. C. M.
|
| 700 |
1 |
2 |
|a Malestroict, Jehan Cherruyt,
|c seigneur de.
|t Paradoxes.
|l English.
|f 1997.
|
| 830 |
|
0 |
|a Primary sources in political thought.
|
| 948 |
|
|
|a c:ktn
|
| 999 |
|
|
|a MARS
|
| 999 |
f |
f |
|s ec6bd80b-634b-3759-8c42-ec22c9e41899
|i 158f0332-98ad-3438-9c62-486230fdd736
|t 0
|
| 952 |
f |
f |
|p ric
|a Texas A&M University
|b Rellis Campus
|c Joint Library Facility
|d Remote Storage
|t 0
|e HG249 .B6313 1997
|h Library of Congress classification
|i unmediated -- volume
|m A14822438551
|
| 998 |
f |
f |
|a HG249 .B6313 1997
|t 0
|l Remote Storage
|